Logos de Marques Françaises - Statistiques

Statistiques générales
  • Ce quiz a été pris 706 fois
  • Le résultat moyen est 17 sur 24
Statistiques - réponses
Par images Réponse % Correct
Michelin
98%
Carrefour
94%
Peugeot
92%
Louis Vuitton
90%
Crédit Agricole
89%
Renault
89%
Chanel
88%
Bouygues Telecom
80%
FDJ
80%
Total
79%
Deezer
77%
BNP Paribas
74%
AlloCiné
73%
Leboncoin
73%
EDF
72%
BlaBlaCar
71%
Société Générale
69%
Citroën
65%
AirFrance
62%
Ubisoft
52%
Qwant
33%
Givenchy
31%
Sephora
30%
Guerlain
9%
Aucun quiz correspondant
Distribution des résultats
% des personnes avec chaque résultat
Percentile par nombre de réponses
Votre historique - résultats
Vous n’avez pas pris ce quiz